[Event "European Senior Team Championship 2021"]
[Site "Don Giovanni hotel, Vinohradska 2733, Prague, Czech Republic"]
[Date "2021.09.06"]
[Round "8"]
[Board "3"]
[White "Boudre, Jean-Pierre"]
[Black "Vucenovic, Dragomir"]
[Result "1-0"]
[WhiteElo "2263"]
[BlackElo "2161"]
[PlyCount "0"]
[EventDate "2021.08.30"]
[EventType "team"]
[EventRounds "9"]
[EventCountry "ECX"]
[WhiteTeam "FRANCE"]
[BlackTeam "SWITZERLAND"]

1. e4 {[%clk 1:30:55]} e5 {[%clk 1:30:38]} 2. Nf3 {[%clk 1:31:14]} Nc6
{[%clk 1:30:54]} 3. Bb5 {[%clk 1:31:38]} a6 {[%clk 1:31:04]} 4. Ba4
{[%clk 1:32:00]} d6 {[%clk 1:31:16]} 5. O-O {[%clk 1:32:11]} Nf6 {[%clk 1:30:41]}
6. Bxc6+ {[%clk 1:14:22]} bxc6 {[%clk 1:31:02]} 7. Re1 {[%clk 1:14:51]} c5
{[%clk 1:21:55]} 8. c3 {[%clk 1:07:05]} Be7 {[%clk 1:21:16]} 9. d4
{[%clk 1:07:19]} cxd4 {[%clk 1:04:23]} 10. cxd4 {[%clk 1:07:41]} O-O
{[%clk 0:42:30]} 11. Nc3 {[%clk 1:06:32]} Bb7 {[%clk 0:38:08]} 12. Bg5
{[%clk 0:47:49]} Nd7 {[%clk 0:36:05]} 13. Be3 {[%clk 0:48:02]} Bf6
{[%clk 0:35:50]} 14. Qc2 {[%clk 0:47:50]} Re8 {[%clk 0:34:26]} 15. d5
{[%clk 0:47:20]} Nf8 {[%clk 0:32:41]} 16. Qb3 {[%clk 0:42:03]} Qb8
{[%clk 0:31:19]} 17. Nd2 {[%clk 0:37:23]} Bc8 {[%clk 0:27:14]} 18. Qc2
{[%clk 0:30:54]} Bd7 {[%clk 0:26:56]} 19. Nc4 {[%clk 0:29:37]} Qb4
{[%clk 0:23:00]} 20. b3 {[%clk 0:29:48]} Reb8 {[%clk 0:21:17]} 21. Rab1
{[%clk 0:30:00]} Qb7 {[%clk 0:20:43]} 22. b4 {[%clk 0:30:06]} Qc8
{[%clk 0:20:04]} 23. Rec1 {[%clk 0:26:32]} Qe8 {[%clk 0:19:57]} 24. Na5
{[%clk 0:25:26]} Bd8 {[%clk 0:19:46]} 25. Qd3 {[%clk 0:25:15]} g6
{[%clk 0:18:09]} 26. Qc4 {[%clk 0:24:11]} Kg7 {[%clk 0:17:53]} 27. f4
{[%clk 0:23:08]} f6 {[%clk 0:17:25]} 28. Nc6 {[%clk 0:18:28]} Bxc6
{[%clk 0:17:36]} 29. dxc6 {[%clk 0:18:56]} exf4 {[%clk 0:13:47]} 30. Bxf4
{[%clk 0:19:21]} Ne6 {[%clk 0:10:39]} 31. Be3 {[%clk 0:19:46]} Qf7
{[%clk 0:10:24]} 32. Nd5 {[%clk 0:20:03]} h6 {[%clk 0:09:32]} 33. Rf1
{[%clk 0:20:27]} g5 {[%clk 0:05:21]} 34. Rf3 {[%clk 0:19:39]} Be7
{[%clk 0:03:48]} 35. Rbf1 {[%clk 0:19:57]} Rf8 {[%clk 0:04:17]} 36. Bd4
{[%clk 0:20:15]} Nxd4 {[%clk 0:03:47]} 37. Qxd4 {[%clk 0:20:39]} Kg6
{[%clk 0:01:58]} 38. Qd3 {[%clk 0:19:15]} Kg7 {[%clk 0:02:12]} 39. a3
{[%clk 0:19:14]} a5 {[%clk 0:02:19]} 40. b5 {[%clk 0:19:36]} a4 {[%clk 0:02:48]}
41. Nxc7 {[%clk 0:19:38]} Rac8 {[%clk 0:28:28]} 42. Nd5 {[%clk 0:49:54]} Bd8
{[%clk 0:28:52]} 43. Kh1 {[%clk 0:46:06]} Qe6 {[%clk 0:28:15]} 44. Ne3
{[%clk 0:46:03]}  1-0

[Event "European Senior Team Championship 2021"]
[Site "Don Giovanni hotel, Vinohradska 2733, Prague, Czech Republic"]
[Date "2021.09.06"]
[Round "8"]
[Board "4"]
[White "Bhend, Edwin"]
[Black "Berthelot, Yannick"]
[Result "1/2-1/2"]
[WhiteElo "2104"]
[BlackElo "2266"]
[PlyCount "0"]
[EventDate "2021.08.30"]
[EventType "team"]
[EventRounds "9"]
[EventCountry "ECX"]
[WhiteTeam "SWITZERLAND"]
[BlackTeam "FRANCE"]

1. d4 {[%clk 1:30:47]} Nf6 {[%clk 1:30:43]} 2. Nc3 {[%clk 1:31:08]} d5
{[%clk 1:31:01]} 3. Bg5 {[%clk 1:31:30]} Nbd7 {[%clk 1:31:20]} 4. e3
{[%clk 1:31:47]} g6 {[%clk 1:31:21]} 5. f4 {[%clk 1:32:02]} Bg7 {[%clk 1:30:52]}
6. Nf3 {[%clk 1:32:14]} O-O {[%clk 1:30:27]} 7. Be2 {[%clk 1:32:18]} c6
{[%clk 1:25:45]} 8. O-O {[%clk 1:32:21]} b5 {[%clk 1:21:26]} 9. a3
{[%clk 1:31:31]} a5 {[%clk 1:10:49]} 10. Qe1 {[%clk 1:31:11]} h6 {[%clk 1:05:52]}
11. Bh4 {[%clk 1:31:36]} Rb8 {[%clk 1:01:29]} 12. b4 {[%clk 1:25:18]} Ra8
{[%clk 0:59:03]} 13. Rb1 {[%clk 1:20:01]} axb4 {[%clk 0:57:18]} 14. axb4
{[%clk 1:20:28]} Nb6 {[%clk 0:52:35]} 15. Ne5 {[%clk 1:19:36]} Qd6
{[%clk 0:52:34]} 16. Bd3 {[%clk 1:18:21]} Bf5 {[%clk 0:49:54]} 17. Bxf6
{[%clk 1:12:35]} Bxf6 {[%clk 0:48:00]} 18. g4 {[%clk 1:12:01]} Bxd3
{[%clk 0:45:09]} 19. cxd3 {[%clk 1:12:22]} Ra3 {[%clk 0:39:35]} 20. Qc1
{[%clk 1:09:50]} Rfa8 {[%clk 0:37:46]} 21. h3 {[%clk 1:06:32]} Bxe5
{[%clk 0:30:36]} 22. fxe5 {[%clk 1:06:23]} Qe6 {[%clk 0:28:49]} 23. Ne2
{[%clk 1:05:01]} g5 {[%clk 0:20:37]} 24. Rd1 {[%clk 0:58:30]} h5 {[%clk 0:16:56]}
25. e4 {[%clk 0:57:06]} f6 {[%clk 0:16:43]} 26. Ng3 {[%clk 0:53:00]} hxg4
{[%clk 0:12:50]} 27. h4 {[%clk 0:50:08]} gxh4 {[%clk 0:09:35]} 28. Nh5
{[%clk 0:50:30]} Qf7 {[%clk 0:07:09]} 29. Nf4 {[%clk 0:49:54]} fxe5
{[%clk 0:06:44]} 30. dxe5 {[%clk 0:50:11]} dxe4 {[%clk 0:05:39]} 31. Rf1
{[%clk 0:49:35]} exd3 {[%clk 0:04:29]} 32. Qxc6 {[%clk 0:32:35]} Nc4
{[%clk 0:01:10]} 33. Ng6 {[%clk 0:29:05]} R3a6 {[%clk 0:01:18]} 34. Qxb5
{[%clk 0:26:05]} Qxg6 {[%clk 0:00:56]} 35. Qxc4+ {[%clk 0:26:29]} Kh7
{[%clk 0:00:36]} 36. Rf7+ {[%clk 0:25:33]} Kh8 {[%clk 0:00:57]} 37. e6
{[%clk 0:21:15]} Rxe6 {[%clk 0:00:54]} 38. Rbf1 {[%clk 0:21:23]} Kg8
{[%clk 0:01:04]} 39. Rxe7 {[%clk 0:10:16]} Re8 {[%clk 0:00:50]} 40. Rxe8+
{[%clk 0:08:44]} Qxe8 {[%clk 0:01:15]} 41. Rf6 {[%clk 0:09:06]} d2
{[%clk 0:26:58]} 42. Qxg4+ {[%clk 0:30:41]} Kh8 {[%clk 0:25:22]} 43. Qxh4+
{[%clk 0:30:58]} Kg7 {[%clk 0:24:49]} 44. Qg5+ {[%clk 0:30:41]} Kh8
{[%clk 0:24:39]} 45. Rh6+ {[%clk 0:27:08]} Rxh6 {[%clk 0:25:03]} 46. Qxh6+
{[%clk 0:27:32]} Kg8 {[%clk 0:25:29]} 47. Qxd2 {[%clk 0:27:57]} Qb5
{[%clk 0:25:00]} 48. Kf2 {[%clk 0:24:27]} Kf7 {[%clk 0:25:00]} 49. Qd6
{[%clk 0:24:13]} Qf5+ {[%clk 0:22:57]} 50. Ke3 {[%clk 0:24:30]} Qe6+
{[%clk 0:23:09]}  1/2-1/2

[Event "European Senior Team Championship 2021"]
[Site "Don Giovanni hotel, Vinohradska 2733, Prague, Czech Republic"]
[Date "2021.09.06"]
[Round "8"]
[Board "1"]
[White "Kolbak, Jens"]
[Black "Vrabec, Milos"]
[Result "1/2-1/2"]
[WhiteElo "2169"]
[BlackElo "2095"]
[PlyCount "0"]
[EventDate "2021.08.30"]
[EventType "team"]
[EventRounds "9"]
[EventCountry "ECX"]
[WhiteTeam "SK 2012"]
[BlackTeam "OLDEST BOYS"]

1. Nf3 {[%clk 1:30:55]} c5 {[%clk 1:30:24]} 2. c4 {[%clk 1:30:25]} Nc6
{[%clk 1:27:26]} 3. Nc3 {[%clk 1:28:59]} g6 {[%clk 1:26:40]} 4. e3
{[%clk 1:27:52]} Bg7 {[%clk 1:14:55]} 5. d4 {[%clk 1:28:08]} d6 {[%clk 1:14:19]}
6. Be2 {[%clk 1:22:14]} Nf6 {[%clk 1:07:50]} 7. O-O {[%clk 1:18:28]} O-O
{[%clk 1:07:04]} 8. d5 {[%clk 1:18:01]} Na5 {[%clk 1:05:00]} 9. e4
{[%clk 1:16:54]} a6 {[%clk 1:02:02]} 10. Nd2 {[%clk 1:04:48]} Rb8
{[%clk 0:53:45]} 11. a3 {[%clk 0:58:01]} Ne8 {[%clk 0:45:01]} 12. Qc2
{[%clk 0:45:48]} Qc7 {[%clk 0:43:37]} 13. Rb1 {[%clk 0:40:17]} Bd7
{[%clk 0:42:01]} 14. b3 {[%clk 0:40:17]} b5 {[%clk 0:41:57]} 15. Bb2
{[%clk 0:39:33]} Bd4 {[%clk 0:31:36]} 16. Bd3 {[%clk 0:35:42]} e5
{[%clk 0:27:07]} 17. Ne2 {[%clk 0:32:01]} bxc4 {[%clk 0:16:09]} 18. Bxc4
{[%clk 0:31:55]} Nxc4 {[%clk 0:14:27]} 19. Nxc4 {[%clk 0:31:52]} Bxb2
{[%clk 0:12:22]}  1/2-1/2

[Event "European Senior Team Championship 2021"]
[Site "Don Giovanni hotel, Vinohradska 2733, Prague, Czech Republic"]
[Date "2021.09.06"]
[Round "8"]
[Board "2"]
[White "Koper, Stefan"]
[Black "Jorgensen, Jorgen"]
[Result "0-1"]
[WhiteElo "1827"]
[BlackElo "2165"]
[PlyCount "0"]
[EventDate "2021.08.30"]
[EventType "team"]
[EventRounds "9"]
[EventCountry "ECX"]
[WhiteTeam "OLDEST BOYS"]
[BlackTeam "SK 2012"]

1. d4 d6 {[%clk 1:30:51]} 2. Nf3 f5 3. g3 {[%clk 1:31:08]} Nf6 {[%clk 1:31:27]}
4. Bg2 {[%clk 1:31:08]} g6 {[%clk 1:31:49]} 5. O-O {[%clk 1:29:33]} Bg7
{[%clk 1:32:11]} 6. c4 {[%clk 1:29:40]} O-O {[%clk 1:32:30]} 7. Nc3 c6 8. d5
{[%clk 1:28:59]} cxd5 {[%clk 1:29:11]} 9. cxd5 {[%clk 1:27:26]} Na6
{[%clk 1:29:17]} 10. Be3 {[%clk 1:25:38]} Bd7 {[%clk 1:28:29]} 11. h4
{[%clk 1:24:08]} b6 {[%clk 1:12:42]} 12. Ng5 {[%clk 1:19:41]} Nc5
{[%clk 1:12:00]} 13. Bd4 {[%clk 1:19:01]} Rc8 {[%clk 0:54:04]} 14. b4
{[%clk 1:09:04]} Na6 {[%clk 0:54:31]} 15. a3 {[%clk 1:08:46]} Nc7
{[%clk 0:51:49]} 16. a4 {[%clk 1:07:05]} h6 {[%clk 0:51:34]} 17. Nh3
{[%clk 1:07:05]} Qe8 {[%clk 0:51:14]} 18. a5 {[%clk 1:01:33]} bxa5
{[%clk 0:49:39]} 19. Rxa5 {[%clk 1:01:48]} a6 {[%clk 0:49:27]} 20. Nf4
{[%clk 0:58:32]} g5 {[%clk 0:49:20]} 21. hxg5 {[%clk 0:58:46]} hxg5
{[%clk 0:49:47]} 22. Ne6 {[%clk 0:55:44]} Nxe6 {[%clk 0:48:59]} 23. dxe6
{[%clk 0:53:45]} Bxe6 {[%clk 0:49:04]} 24. e4 {[%clk 0:53:41]} Qg6
{[%clk 0:45:19]} 25. Bxf6 {[%clk 0:52:48]} Bxf6 {[%clk 0:43:05]} 26. exf5
{[%clk 0:52:42]} Bxf5 {[%clk 0:43:07]} 27. Nd5 {[%clk 0:46:50]} Kg7
{[%clk 0:25:52]} 28. Nxf6 {[%clk 0:46:42]} Qxf6 {[%clk 0:22:06]} 29. Qd5
{[%clk 0:33:07]} Rc3 {[%clk 0:18:21]} 30. g4 {[%clk 0:33:01]} Bd3
{[%clk 0:18:23]} 31. Qxg5+ {[%clk 0:30:11]} Qxg5 {[%clk 0:18:44]} 32. Rxg5+
{[%clk 0:30:37]} Kf6 {[%clk 0:18:41]} 33. Ra5 {[%clk 0:30:12]} Bxf1
{[%clk 0:18:29]} 34. Kxf1 {[%clk 0:28:43]} Rb8 {[%clk 0:15:19]} 35. g5+
{[%clk 0:27:07]} Kg7 {[%clk 0:15:31]} 36. Rxa6 {[%clk 0:26:51]} Rxb4
{[%clk 0:15:37]} 37. Ra7 {[%clk 0:23:54]} Rc1+ {[%clk 0:12:43]} 38. Ke2
{[%clk 0:24:12]} Rb2+ {[%clk 0:13:02]} 39. Kd3 {[%clk 0:21:32]} Re1
{[%clk 0:08:05]} 40. Be4 {[%clk 0:17:05]} Rxf2 {[%clk 0:03:16]} 41. Rxe7+
{[%clk 0:17:22]} Kf8 {[%clk 0:01:15]} 42. Rd7 {[%clk 0:17:03]} Rd1+
{[%clk 0:25:52]} 43. Ke3 {[%clk 0:46:52]} Rf7 {[%clk 0:25:47]} 44. Rd8+
{[%clk 0:46:26]} Kg7 {[%clk 0:25:33]} 45. Ke2 {[%clk 0:46:24]} Rg1
{[%clk 0:14:07]} 46. Rxd6 {[%clk 0:46:24]} Rxg5 {[%clk 0:14:27]} 47. Kd3
{[%clk 0:46:10]} Ra7 {[%clk 0:14:12]} 48. Ke3 {[%clk 0:45:10]} Rh5
{[%clk 0:13:03]} 49. Rg6+ {[%clk 0:44:50]} Kf7 {[%clk 0:12:59]} 50. Rb6
{[%clk 0:42:37]} Ra3+ {[%clk 0:09:17]} 51. Kf4 {[%clk 0:41:45]} Rh4+
{[%clk 0:09:13]} 52. Ke5 {[%clk 0:41:20]} Rh5+ {[%clk 0:06:44]} 53. Kf4
{[%clk 0:41:27]} Ra4 {[%clk 0:06:03]} 54. Rb7+ {[%clk 0:36:14]} Kf6
{[%clk 0:06:21]} 55. Rb6+ {[%clk 0:36:41]} Ke7 {[%clk 0:06:39]} 56. Kf3
{[%clk 0:33:49]} Rh3+ {[%clk 0:06:43]} 57. Kg2 {[%clk 0:33:01]} Re3
{[%clk 0:06:31]} 58. Bd5 {[%clk 0:32:41]} Rd4 {[%clk 0:04:54]} 59. Kf2
{[%clk 0:31:03]} Rc3 {[%clk 0:05:10]} 60. Bb3 {[%clk 0:25:22]} Rd2+
{[%clk 0:05:23]} 61. Ke1 {[%clk 0:25:25]} Rb2 {[%clk 0:05:22]} 62. Rb7+
{[%clk 0:25:51]} Kd6 {[%clk 0:05:29]} 63. Rb6+ {[%clk 0:22:49]} Kc7
{[%clk 0:05:44]}  0-1

[Event "European Senior Team Championship 2021"]
[Site "Don Giovanni hotel, Vinohradska 2733, Prague, Czech Republic"]
[Date "2021.09.06"]
[Round "8"]
[Board "3"]
[White "Holst, Per"]
[Black "Konvalinka, Vladislav"]
[Result "1/2-1/2"]
[WhiteElo "2097"]
[BlackElo "1718"]
[PlyCount "0"]
[EventDate "2021.08.30"]
[EventType "team"]
[EventRounds "9"]
[EventCountry "ECX"]
[WhiteTeam "SK 2012"]
[BlackTeam "OLDEST BOYS"]

1. d4 {[%clk 1:30:57]} d5 {[%clk 1:30:46]} 2. Nf3 {[%clk 1:31:17]} Nf6
{[%clk 1:31:07]} 3. g3 {[%clk 1:31:28]} e6 {[%clk 1:31:24]} 4. Bg2
{[%clk 1:31:48]} c6 {[%clk 1:31:46]} 5. c4 {[%clk 1:31:57]} Bd6 {[%clk 1:31:51]}
6. O-O {[%clk 1:32:14]} O-O {[%clk 1:32:12]} 7. Qc2 {[%clk 1:31:37]} Nbd7
{[%clk 1:27:51]} 8. Nbd2 {[%clk 1:31:36]} Re8 {[%clk 1:25:20]} 9. e4
{[%clk 1:31:45]} dxe4 {[%clk 1:24:46]} 10. Ng5 {[%clk 1:26:07]} Bc7
{[%clk 1:19:16]} 11. Rd1 {[%clk 1:24:08]} e3 {[%clk 1:09:22]} 12. fxe3
{[%clk 1:23:34]} h6 {[%clk 1:08:08]} 13. Nge4 {[%clk 1:18:15]} e5
{[%clk 1:04:29]} 14. Nxf6+ {[%clk 0:57:12]} Nxf6 {[%clk 0:52:36]} 15. Ne4
{[%clk 0:54:04]} Nxe4 {[%clk 0:48:52]} 16. Bxe4 {[%clk 0:53:25]} exd4
{[%clk 0:48:28]} 17. exd4 {[%clk 0:43:38]} Bg4 {[%clk 0:46:43]} 18. Rd2
{[%clk 0:39:46]} Qe7 {[%clk 0:46:25]} 19. Bh7+ {[%clk 0:31:00]} Kh8
{[%clk 0:45:25]} 20. Rf2 {[%clk 0:30:58]} Qe1+ {[%clk 0:41:48]} 21. Rf1
{[%clk 0:24:32]} Qe6 {[%clk 0:39:06]} 22. Bf5 {[%clk 0:21:11]} Bxf5
{[%clk 0:38:13]} 23. Qxf5 {[%clk 0:21:25]} Qd6 {[%clk 0:33:34]} 24. Qf2
{[%clk 0:19:09]} Rad8 {[%clk 0:32:09]} 25. Bf4 {[%clk 0:18:09]} Qd7
{[%clk 0:32:17]} 26. Bxc7 {[%clk 0:18:01]} Qxc7 {[%clk 0:32:45]} 27. Rad1
{[%clk 0:17:05]} Re7 {[%clk 0:29:18]} 28. Rd3 {[%clk 0:16:17]} Rde8
{[%clk 0:28:49]} 29. Rd2 {[%clk 0:16:28]} b6 {[%clk 0:27:42]} 30. Qf4
{[%clk 0:15:05]} Qxf4 {[%clk 0:26:41]} 31. Rxf4 {[%clk 0:15:24]} Kg8
{[%clk 0:27:03]} 32. Kf2 {[%clk 0:15:41]} g5 {[%clk 0:26:56]} 33. Rf6
{[%clk 0:12:25]} Re6 {[%clk 0:27:21]} 34. Rxe6 {[%clk 0:11:18]} Rxe6
{[%clk 0:26:14]} 35. b4 {[%clk 0:11:18]} Kf8 {[%clk 0:26:32]} 36. a4
{[%clk 0:11:27]} Ke7 {[%clk 0:26:39]} 37. b5 {[%clk 0:11:29]} Kd7
{[%clk 0:25:45]} 38. bxc6+ {[%clk 0:04:55]} Rxc6 {[%clk 0:26:03]} 39. Rc2
{[%clk 0:04:55]} Re6 {[%clk 0:25:56]} 40. Kf3 {[%clk 0:02:01]} f5
{[%clk 0:25:50]} 41. a5 {[%clk 0:27:39]} Re4 {[%clk 0:55:37]} 42. c5
{[%clk 0:16:08]} bxc5 {[%clk 0:55:06]} 43. Rxc5 {[%clk 0:16:11]} g4+
{[%clk 0:52:38]} 44. Kf2 {[%clk 0:15:58]} f4 {[%clk 0:52:58]} 45. gxf4
{[%clk 0:15:18]} Rxf4+ {[%clk 0:52:27]} 46. Ke3 {[%clk 0:07:14]} Rf3+
{[%clk 0:52:46]} 47. Ke4 {[%clk 0:07:31]} Rh3 {[%clk 0:52:59]} 48. Rc2
{[%clk 0:07:43]} g3 {[%clk 0:52:51]} 49. hxg3 {[%clk 0:07:30]} Rxg3
{[%clk 0:53:15]} 50. Rh2 {[%clk 0:07:32]} Rg6 {[%clk 0:53:01]} 51. Rf2
{[%clk 0:06:34]} Re6+ {[%clk 0:52:02]} 52. Kd3 {[%clk 0:06:48]} a6
{[%clk 0:52:18]} 53. d5 {[%clk 0:05:41]} Rg6 {[%clk 0:51:34]} 54. Rb2
{[%clk 0:04:34]} Kc7 {[%clk 0:50:54]} 55. Kc4 {[%clk 0:04:00]} h5
{[%clk 0:47:23]} 56. Kc5 {[%clk 0:03:47]} Rg1 {[%clk 0:47:30]} 57. Rb6
{[%clk 0:03:35]} Rc1+ {[%clk 0:47:50]} 58. Kd4 {[%clk 0:04:02]} Rd1+
{[%clk 0:48:10]} 59. Ke4 {[%clk 0:04:31]} Re1+ {[%clk 0:48:28]} 60. Kf3
{[%clk 0:04:39]} Rd1 {[%clk 0:48:51]} 61. Ke4 {[%clk 0:05:01]} Re1+
{[%clk 0:49:18]} 62. Kf4 {[%clk 0:05:08]} Rd1 {[%clk 0:49:39]} 63. Ke5
{[%clk 0:03:53]} Re1+ {[%clk 0:50:03]} 64. Kf6 {[%clk 0:04:13]} Rd1
{[%clk 0:50:24]} 65. Ke6 {[%clk 0:04:27]} Re1+ {[%clk 0:50:43]} 66. Kf5
{[%clk 0:02:31]} Rd1 {[%clk 0:51:07]} 67. Ke4 {[%clk 0:03:00]} Re1+
{[%clk 0:51:29]} 68. Kd4 {[%clk 0:03:29]} Rd1+ {[%clk 0:51:47]} 69. Kc4
{[%clk 0:03:43]} Rc1+ {[%clk 0:51:54]} 70. Kb4 {[%clk 0:03:39]} Rb1+
{[%clk 0:51:54]} 71. Kc5 {[%clk 0:04:02]} Rc1+ {[%clk 0:52:19]}  1/2-1/2

[Event "European Senior Team Championship 2021"]
[Site "Don Giovanni hotel, Vinohradska 2733, Prague, Czech Republic"]
[Date "2021.09.06"]
[Round "8"]
[Board "4"]
[White "Lacha, Jan"]
[Black "Andersson, Finn"]
[Result "1/2-1/2"]
[WhiteElo "1825"]
[BlackElo "1796"]
[PlyCount "0"]
[EventDate "2021.08.30"]
[EventType "team"]
[EventRounds "9"]
[EventCountry "ECX"]
[WhiteTeam "OLDEST BOYS"]
[BlackTeam "SK 2012"]

1. e4 {[%clk 1:30:57]} e6 {[%clk 1:30:54]} 2. d4 {[%clk 1:31:14]} d5
{[%clk 1:31:19]} 3. Nc3 {[%clk 1:31:38]} Nf6 {[%clk 1:31:26]} 4. Bg5
{[%clk 1:31:53]} Bb4 {[%clk 1:31:37]} 5. e5 {[%clk 1:32:01]} h6 {[%clk 1:32:02]}
6. exf6 {[%clk 1:32:14]} hxg5 {[%clk 1:32:19]} 7. fxg7 {[%clk 1:32:33]} Rg8
{[%clk 1:32:41]} 8. Qh5 {[%clk 1:30:39]} Qf6 {[%clk 1:31:59]} 9. Nf3
{[%clk 1:29:38]} Nc6 {[%clk 1:29:48]} 10. Bb5 {[%clk 1:27:23]} Bd7
{[%clk 1:30:10]} 11. Bxc6 {[%clk 1:26:21]} Bxc6 {[%clk 1:29:35]} 12. h4
{[%clk 1:26:11]} gxh4 {[%clk 1:26:23]} 13. Ne5 {[%clk 1:11:15]} Qxg7
{[%clk 1:19:11]} 14. Rxh4 {[%clk 1:10:09]} O-O-O {[%clk 1:00:33]} 15. Qe2
{[%clk 0:53:19]} Rh8 {[%clk 0:39:45]} 16. Rxh8 {[%clk 0:50:36]} Rxh8
{[%clk 0:38:28]} 17. O-O-O {[%clk 0:50:40]} Bxc3 {[%clk 0:34:13]} 18. bxc3
{[%clk 0:51:00]} Bd7 {[%clk 0:33:09]} 19. Nxd7 {[%clk 0:39:53]} Kxd7  1/2-1/2

[Event "European Senior Team Championship 2021"]
[Site "Don Giovanni hotel, Vinohradska 2733, Prague, Czech Republic"]
[Date "2021.09.06"]
[Round "8"]
[Board "2"]
[White "Uddenfeldt, Dan"]
[Black "Orlova, Liubov"]
[Result "1-0"]
[WhiteElo "2309"]
[BlackElo "1988"]
[PlyCount "0"]
[EventDate "2021.08.30"]
[EventType "team"]
[EventRounds "9"]
[EventCountry "ECX"]
[WhiteTeam "SWEDEN 1"]
[BlackTeam "GERMANY 1 WOMEN"]

1. d4 {[%clk 1:30:55]} Nf6 {[%clk 1:30:53]} 2. c4 {[%clk 1:30:41]} e6
{[%clk 1:31:00]} 3. Nc3 {[%clk 1:29:31]} Bb4 {[%clk 1:30:07]} 4. a3
{[%clk 1:28:31]} Bxc3+ {[%clk 1:27:25]} 5. bxc3 {[%clk 1:28:59]} d6
{[%clk 1:25:29]} 6. Qc2 {[%clk 1:25:14]} Nbd7 {[%clk 1:24:39]} 7. Bg5
{[%clk 1:19:33]} h6 {[%clk 1:24:33]} 8. Bh4 {[%clk 1:19:38]} Nf8 {[%clk 1:22:07]}
9. e3 {[%clk 1:18:13]} Ng6 {[%clk 1:17:57]} 10. Bg3 {[%clk 1:15:18]} Nh5
{[%clk 1:17:45]} 11. Bd3 {[%clk 1:13:42]} Nxg3 {[%clk 1:15:07]} 12. hxg3
{[%clk 1:13:52]} Qf6 {[%clk 1:09:02]} 13. Nf3 {[%clk 1:09:08]} e5
{[%clk 1:08:57]} 14. Bxg6 {[%clk 1:07:43]} fxg6 {[%clk 1:08:53]} 15. dxe5
{[%clk 1:08:02]} dxe5 {[%clk 1:08:46]} 16. Qe4 {[%clk 1:08:08]} O-O
{[%clk 1:08:18]} 17. Qxe5 {[%clk 1:08:20]} Qf7 {[%clk 1:06:25]} 18. Rh4
{[%clk 1:02:26]} g5 {[%clk 1:03:04]} 19. Rd4 {[%clk 1:01:22]} Be6
{[%clk 1:01:09]} 20. Rad1 {[%clk 0:59:04]} Rae8 {[%clk 1:00:37]} 21. Qc5
{[%clk 0:57:37]} c6 {[%clk 0:59:41]} 22. g4 {[%clk 0:51:32]} b6 {[%clk 0:56:14]}
23. Qxc6 {[%clk 0:50:55]} Rc8 {[%clk 0:56:08]} 24. Qe4 {[%clk 0:47:30]} Bxc4
{[%clk 0:52:56]} 25. Rd7 {[%clk 0:44:57]} Qf6 {[%clk 0:50:59]} 26. Qd4
{[%clk 0:43:35]} Bb3 {[%clk 0:47:37]} 27. Qxf6 {[%clk 0:42:07]} gxf6
{[%clk 0:46:33]} 28. Rb1 {[%clk 0:40:47]} Rxc3 {[%clk 0:45:59]} 29. Rxa7
{[%clk 0:38:24]} Be6 {[%clk 0:44:53]} 30. Kd2 {[%clk 0:37:49]} Rcc8
{[%clk 0:39:20]} 31. Rxb6 {[%clk 0:36:56]} Bxg4 {[%clk 0:39:33]} 32. Rbb7
{[%clk 0:37:13]} Rfd8+ {[%clk 0:36:58]} 33. Nd4 {[%clk 0:37:27]} Be6
{[%clk 0:33:33]} 34. Rb6 {[%clk 0:35:10]} Bd5 {[%clk 0:32:14]} 35. Rxf6
{[%clk 0:35:19]} Ra8 {[%clk 0:31:11]} 36. Rxa8 {[%clk 0:28:50]} Rxa8
{[%clk 0:31:39]} 37. Rxh6 {[%clk 0:29:08]} Bxg2 {[%clk 0:28:39]} 38. Rg6+
{[%clk 0:29:21]} Kf7 {[%clk 0:29:08]} 39. Rxg5 {[%clk 0:29:39]} Bf1
{[%clk 0:27:53]} 40. Nc2 {[%clk 0:29:09]} Kf6 {[%clk 0:27:38]} 41. Rc5
{[%clk 0:29:07]} Ke6 {[%clk 0:27:27]} 42. e4 {[%clk 0:29:00]} Rd8+
{[%clk 0:27:01]} 43. Ke3 {[%clk 0:29:01]} Rd3+ {[%clk 0:25:54]} 44. Kf4
{[%clk 0:29:26]} Be2 {[%clk 0:24:41]} 45. Re5+ {[%clk 0:26:50]} Kd6
{[%clk 0:21:05]} 46. Rf5 {[%clk 0:25:57]} Ke6 {[%clk 0:17:10]} 47. Kg5
{[%clk 0:25:41]} Bd1 {[%clk 0:16:25]} 48. Ne3 {[%clk 0:25:26]} Be2
{[%clk 0:15:40]} 49. Ra5 {[%clk 0:25:08]} Rd4 {[%clk 0:12:35]} 50. Kf4
{[%clk 0:25:06]} Rd8 {[%clk 0:11:30]} 51. Re5+ {[%clk 0:24:11]} Kf6
{[%clk 0:11:42]} 52. Nd5+ {[%clk 0:24:23]} Kg6 {[%clk 0:10:51]} 53. Ke3
{[%clk 0:24:14]} Bf1 {[%clk 0:10:29]} 54. a4 {[%clk 0:24:29]} Rb8
{[%clk 0:08:47]} 55. f4 {[%clk 0:24:36]} Rb3+ {[%clk 0:08:20]} 56. Kd4
{[%clk 0:24:40]} Rb8 {[%clk 0:05:01]} 57. Re6+ {[%clk 0:23:59]} Kg7
{[%clk 0:04:57]} 58. Re7+ {[%clk 0:23:59]} Kf8 {[%clk 0:04:40]} 59. Rh7
{[%clk 0:24:18]} Rb2 {[%clk 0:04:47]} 60. Ke5 {[%clk 0:24:27]} Bc4
{[%clk 0:04:05]} 61. Rc7 {[%clk 0:23:39]} Be2 {[%clk 0:02:24]} 62. a5
{[%clk 0:22:42]} Rb8 {[%clk 0:02:23]} 63. Kf6 {[%clk 0:22:41]} Ra8
{[%clk 0:00:46]} 64. Rf7+ {[%clk 0:22:52]}  1-0

[Event "European Senior Team Championship 2021"]
[Site "Don Giovanni hotel, Vinohradska 2733, Prague, Czech Republic"]
[Date "2021.09.06"]
[Round "8"]
[Board "3"]
[White "Kierzek, Mira"]
[Black "Malmdin, Nils-Ake"]
[Result "1/2-1/2"]
[WhiteElo "2003"]
[BlackElo "2150"]
[PlyCount "0"]
[EventDate "2021.08.30"]
[EventType "team"]
[EventRounds "9"]
[EventCountry "ECX"]
[WhiteTeam "GERMANY 1 WOMEN"]
[BlackTeam "SWEDEN 1"]

1. d4 {[%clk 1:30:57]} Nf6 {[%clk 1:30:09]} 2. Nf3 {[%clk 1:31:15]} c5
{[%clk 1:29:23]} 3. g3 {[%clk 1:29:31]} b6 {[%clk 1:27:12]} 4. Bg2
{[%clk 1:28:01]} Bb7 {[%clk 1:26:30]} 5. dxc5 {[%clk 1:27:35]} bxc5
{[%clk 1:26:47]} 6. c4 {[%clk 1:27:36]} g6 {[%clk 1:25:52]} 7. O-O
{[%clk 1:27:41]} Bg7 {[%clk 1:26:05]} 8. Nc3 {[%clk 1:27:29]} O-O
{[%clk 1:26:10]} 9. Be3 {[%clk 1:18:44]} d6 {[%clk 1:26:12]} 10. Qc1
{[%clk 1:09:53]} Re8 {[%clk 1:12:27]} 11. Bh6 {[%clk 1:05:59]} Bh8
{[%clk 1:11:53]} 12. Qc2 {[%clk 1:04:13]} Nc6 {[%clk 1:05:28]} 13. e4
{[%clk 0:56:35]} Ng4 {[%clk 0:57:47]} 14. Bd2 {[%clk 0:48:28]} Rb8
{[%clk 0:52:21]} 15. Rad1 {[%clk 0:45:19]} Nb4 {[%clk 0:43:47]} 16. Qb1
{[%clk 0:42:45]} Ba6 {[%clk 0:39:34]} 17. b3 {[%clk 0:40:58]} Nc6
{[%clk 0:38:35]} 18. Qc1 {[%clk 0:39:36]} Bc8 {[%clk 0:32:00]} 19. h3
{[%clk 0:38:41]} Nge5 {[%clk 0:30:51]} 20. Nxe5 {[%clk 0:39:04]} Bxe5
{[%clk 0:26:17]} 21. Be3 {[%clk 0:37:36]} Qa5 {[%clk 0:24:58]} 22. Na4
{[%clk 0:32:09]} Nd4 {[%clk 0:24:07]}  1/2-1/2